LEADER 01602nam a2200373 a 4500 001 000000121998 003 CaOOAMICUS 005 20100525150444.0 008 100525t2010 it d u000 u ita r 040 $aPUL$bita$dReb 041 1 $aita$heng 082 04$a180 100 1 $aDavies, Paul.$0(OLS)http://pul/name/76460 245 10$aDavies. 260 $aMilano :$bMondadori,$c©2010. 300 $a627 p. :$bgrafici ;$c18 cm. 490 1 $aI classici collezione del pensiero ;$v111 504 $aBibliografia p. [624]-627. 505 0 $aCronologia di Davies ; Dio e la nuova fisica / Traduzione di Marco e Dida Paggi. -- La mente di Dio / Traduzione di Marcello D'Agostino e Alessandra Gulotta. 700 1 $aD'Agostino, Marcello.$0(OLS)http://pul/name/76462 700 1 $aGulotta, Alessandra.$0(OLS)http://pul/name/76461 700 1 $aPaggi, Dida.$0(OLS)http://pul/name/76464 700 1 $aPaggi, Marco.$0(OLS)http://pul/name/76463 740 32$aLa mente di Dio. 740 02$aDio e la nuova fisica. 830 2$aI classici del pensiero (Mondadori) ;$v111.$0(OLS)http://pul/title/140256 850 $aPUL 852 $aPUL$W1$xSL Filosofia 3$y81$m180 COLL 1.111$j140024$qDDC 21$B139204$CPULBib$Z2$F139204 $H113895 $82 941 1 $a9 996 $6082$a180$9(OLS)http://pul/classification/366 996 $6740$aLa mente di Dio$9(OLS)http://pul/title/153528 996 $6740$aDio e la nuova fisica$9(OLS)http://pul/title/153527 996 $6245$aDavies$9(OLS)http://pul/title/153526 996 $6260$aMilano :$bMondadori$9(OLS)http://pul/publisher/50297 LEADER 01334nam a2200325 a 4500 001 000000175780 003 CaOOAMICUS 005 20230216123127.0 008 230216s2021 gw a 001 u ger r 020 $a978-3-451-26825-0* 032 $aLibriCat 040 $aPUL$bita 082 04$a221.7 100 1 $aBöhler, Dieter.$0(OLS)http://pul/name/55098 245 10$aPsalmen 1-50 /$cübersetzt und ausgelegt von Dieter Böhler. 260 $aFreiburg ;$aBasel ;$aWien :$bHerder,$c©2021. 300 $a960 p. :$bIll. ;$c24 cm 490 1 $aHerders Theologischer Kommentar zum Alten Testament 504 $aInclude riferimenti bibliografici. 630 04$aBiblia.$pV.T.$pPsalmi.$nI-L$xCommenti.$0(OLS)http://pul/subject/21188 830 0$aHerders Theologischer Kommentar zum Alten Testament.$0(OLS)http://pul/title/110260 850 $aPUL 852 $aPUL$W1$xSL Religione 3$y85$m221. 7 COLL 1.46$j199943$qDDC 21$B204725$CPULBib$Z2$F204725 $H136093 $82 941 1 $a9 983 0$aHThKAT. 996 $6020$a978-3-451-26825-0*$9(OLS)http://pul/number/169048 996 $6082$a221.7$9(OLS)http://pul/classification/623 996 $6245$aPsalmen 1-50$9(OLS)http://pul/title/217239 996 $6260$aFreiburg ;$aBasel ;$aWien :$bHerder$9(OLS)http://pul/publisher/48104